[Event "XI Torneo Leonardo di Bona Magistrale"]
[Site "Cutro ITA"]
[Date "2005.04.28"]
[Round "6"]
[White "Van Hoolandt, Patrick"]
[Black "Napoli, Nicolo'"]
[Result "0-1"]
[WhiteElo "2181"]
[BlackElo "2205"]
[PlyCount "66"]
[EventDate "2005.04.23"]

1. d4 Nf6 2. c4 c5 3. d5 b5 4. cxb5 a6 5. bxa6 Bxa6 6. Nc3 g6 7. Nf3 Bg7 8. g3
Qa5 9. Bd2 Qb4 10. Qc2 O-O 11. Bg2 d6 12. O-O Nbd7 13. Rab1 Qb7 14. b3 Nb6 15.
Rfd1 Nfxd5 16. Nxd5 Nxd5 17. Ng5 Bxe2 18. Re1 Bb5 19. b4 cxb4 20. Bxb4 Qc6 21.
Qe4 Bc4 22. Rec1 Rac8 23. Rxc4 Qxc4 24. Qxc4 Rxc4 25. Bxd5 Rd4 26. Bg2 Rb8 27.
a3 Rd2 28. Bxd2 Rxb1+ 29. Bf1 Ra1 30. Bb4 Bb2 31. Kg2 Bxa3 32. Bxa3 Rxa3 33.
Bb5 Ra5 0-1

[Event "XI Torneo Leonardo di Bona Magistrale"]
[Site "Cutro ITA"]
[Date "2005.04.28"]
[Round "6"]
[White "Zaja, Ivan"]
[Black "Bukal, Vladimir jr"]
[Result "1/2-1/2"]
[WhiteElo "2489"]
[BlackElo "2405"]
[PlyCount "102"]
[EventDate "2005.04.23"]

1. d4 d5 2. Nf3 Bg4 3. Nbd2 Nf6 4. g3 e6 5. Bg2 Nbd7 6. O-O c6 7. Re1 Be7 8. c3
O-O 9. e4 Qb6 10. Qa4 Bh5 11. exd5 cxd5 12. Qb3 Nb8 13. a4 Nc6 14. Qb5 Rfc8 15.
Bf1 Nd7 16. b3 Qc7 17. Bb2 Bf6 18. Bh3 Re8 19. Re3 g5 20. Bg2 g4 21. Nh4 Bg5
22. Re2 Bxh4 23. gxh4 Bg6 24. Re3 Ne7 25. h5 Bxh5 26. Ne4 Rad8 27. Ng3 Bg6 28.
h3 Nf6 29. Qe2 h5 30. Re5 Nc6 31. Rg5 Nh7 32. Rxh5 Bxh5 33. Nxh5 f5 34. hxg4
Qf7 35. Bc1 Qg6 36. Nf4 Qxg4 37. Qxg4+ fxg4 38. Nd3 Kf7 39. b4 Nf6 40. b5 Na5
41. Ne5+ Kg7 42. Bg5 Rc8 43. Bxf6+ Kxf6 44. Nxg4+ Kg5 45. Nh2 Rxc3 46. Re1 Rg8
47. Rxe6 Kf5 48. Re5+ Kf6 49. Nf1 Rc1 50. Rxd5 Nb3 51. Kh2 Rd1 1/2-1/2

[Event "XI Torneo Leonardo di Bona Magistrale"]
[Site "Cutro ITA"]
[Date "2005.04.29"]
[Round "7"]
[White "Abatino, Maurizio"]
[Black "Sautto, Daniele"]
[Result "0-1"]
[WhiteElo "2214"]
[BlackElo "2119"]
[PlyCount "66"]
[EventDate "2005.04.23"]

1. d4 Nf6 2. c4 e6 3. Nc3 Bb4 4. e3 b6 5. Bd3 Bb7 6. Nf3 O-O 7. O-O d5 8. cxd5
exd5 9. a3 Bd6 10. b4 a6 11. Qb3 Nbd7 12. a4 c6 13. e4 dxe4 14. Nxe4 Nxe4 15.
Bxe4 Nf6 16. Bg5 Re8 17. Bd3 h6 18. Bh4 Bc8 19. Rac1 Be6 20. Qb2 Bd5 21. Ne5 c5
22. bxc5 bxc5 23. f4 Rb8 24. Qf2 cxd4 25. Bxa6 Qb6 26. Bxf6 Qxa6 27. Qg3 Bf8
28. Ng4 Rb2 29. Nxh6+ Kh7 30. Rf2 Rxf2 31. Qxf2 Re2 32. Bxd4 Rxf2 33. Bxf2 gxh6
0-1

[Event "XI Torneo Leonardo di Bona Magistrale"]
[Site "Cutro ITA"]
[Date "2005.04.29"]
[Round "7"]
[White "Bentivegna, Francesco"]
[Black "Parrotta, Daniele"]
[Result "1-0"]
[WhiteElo "2229"]
[BlackElo "2006"]
[PlyCount "49"]
[EventDate "2005.04.23"]

1. e4 d5 2. exd5 Qxd5 3. Nc3 Qa5 4. Bc4 Nf6 5. d3 c6 6. Bd2 Qc7 7. Qe2 Nbd7 8.
Nf3 e6 9. d4 Bd6 10. O-O O-O 11. Rfe1 Nb6 12. Bd3 Nbd5 13. Ne4 Nxe4 14. Qxe4
Nf6 15. Qh4 Be7 16. Bg5 Rd8 17. Bxh7+ Kf8 18. Bd3 Ng8 19. Qh8 f6 20. Nh4 fxg5
21. Ng6+ Kf7 22. Ne5+ Kf6 23. Qh7 Bb4 24. Qg6+ Ke7 25. Qf7+ 1-0

[Event "XI Torneo Leonardo di Bona Magistrale"]
[Site "Cutro ITA"]
[Date "2005.04.29"]
[Round "7"]
[White "Blagojevic, Dragisa"]
[Black "Karpatchev, Aleksandr"]
[Result "1/2-1/2"]
[WhiteElo "2549"]
[BlackElo "2472"]
[PlyCount "29"]
[EventDate "2005.04.23"]

1. d4 Nc6 2. d5 Ne5 3. f4 Ng6 4. Nf3 e6 5. dxe6 fxe6 6. e4 Bc5 7. Bd3 Nh6 8. g3
O-O 9. Qe2 d5 10. Nc3 c6 11. Bd2 b5 12. e5 Nf5 13. Nd1 Bd7 14. Nf2 a5 15. O-O
1/2-1/2

[Event "XI Torneo Leonardo di Bona Magistrale"]
[Site "Cutro ITA"]
[Date "2005.04.29"]
[Round "7"]
[White "Blasco, Domenico"]
[Black "Sautto, Alessandra"]
[Result "1/2-1/2"]
[WhiteElo "2004"]
[BlackElo "1968"]
[PlyCount "113"]
[EventDate "2005.04.23"]

1. d4 d5 2. Bf4 Bf5 3. e3 e6 4. c4 c6 5. Nf3 Qb6 6. Qc1 Nf6 7. Nc3 Ne4 8. Be2
Nd7 9. O-O Ndf6 10. Nxe4 Bxe4 11. Ne5 h6 12. cxd5 exd5 13. Bd3 Bxd3 14. Nxd3
Be7 15. Be5 O-O 16. Nc5 Rad8 17. b4 a6 18. Qc2 Nd7 19. Bg3 Nf6 20. a3 Bd6 21.
Bh4 Be7 22. Qf5 Qc7 23. Bg3 Bd6 24. Bxd6 Rxd6 25. Rfc1 Qe7 26. Rc2 Rfd8 27.
Rac1 Ne4 28. Nxe4 dxe4 29. Qc5 Qd7 30. Qc4 Qe7 31. Qe2 Rd5 32. Rc5 Qe6 33. a4
R8d6 34. b5 axb5 35. axb5 Rxc5 36. Rxc5 Rd5 37. Rxd5 Qxd5 38. bxc6 Qxc6 39. h3
Qc1+ 40. Kh2 Qc7+ 41. g3 Qc6 42. Qd2 Qd5 43. Kg2 b5 44. Kf1 Qc4+ 45. Ke1 b4 46.
Qb2 b3 47. Kd2 Qd3+ 48. Ke1 h5 49. h4 g6 50. Qc1 Kg7 51. Qb2 Kh7 52. Qc1 Qa6
53. Kd2 Qd3+ 54. Ke1 Qa6 55. Kd2 Qd3+ 56. Ke1 Qa6 57. Kd2 1/2-1/2

[Event "XI Torneo Leonardo di Bona Magistrale"]
[Site "Cutro ITA"]
[Date "2005.04.29"]
[Round "7"]
[White "Bratanov, Zsivko"]
[Black "Georgiev, Krum I."]
[Result "1/2-1/2"]
[WhiteElo "2423"]
[BlackElo "2457"]
[PlyCount "105"]
[EventDate "2005.04.23"]

1. d4 c5 2. d5 g6 3. e4 Bg7 4. Nc3 d6 5. f4 Bxc3+ 6. bxc3 Nf6 7. Bb5+ Bd7 8.
Bxd7+ Nbxd7 9. Qd3 Qa5 10. Bd2 c4 11. Qxc4 Nb6 12. Qd3 Qa4 13. e5 Nfxd5 14.
exd6 O-O-O 15. Ne2 Rxd6 16. Nd4 Kb8 17. O-O f5 18. Rae1 Rc8 19. Re6 Rd7 20.
Rfe1 Nc4 21. Bc1 Qa5 22. Nb3 Qxc3 23. Qxc3 Nxc3 24. Rxe7 Rxe7 25. Rxe7 Rd8 26.
g4 b6 27. Rxh7 a5 28. a4 Nxa4 29. Rh3 Nc5 30. Rc3 b5 31. Be3 Ne4 32. Rd3 Rxd3
33. cxd3 Nxe3 34. dxe4 a4 35. Nd4 a3 36. exf5 a2 37. Nb3 gxf5 38. g5 Nd5 39. g6
Kc7 40. h4 Kd6 41. Kf2 Nf6 42. Ke3 Kd5 43. Kd3 b4 44. g7 Ke6 45. Kd4 Kf7 46.
Ke5 Kxg7 47. Kxf5 Nd5 48. Ke4 Nc3+ 49. Kd3 Nb1 50. Kc2 Nc3 51. Kb2 Kg6 52. Nc1
Kf5 53. h5 1/2-1/2

[Event "XI Torneo Leonardo di Bona Magistrale"]
[Site "Cutro ITA"]
[Date "2005.04.29"]
[Round "7"]
[White "Bukal, Vladimir jr"]
[Black "Brancaleoni, Maurizio"]
[Result "1-0"]
[WhiteElo "2405"]
[BlackElo "2296"]
[PlyCount "89"]
[EventDate "2005.04.23"]

1. d4 Nf6 2. c4 e6 3. Nf3 d5 4. Nc3 dxc4 5. e4 Bb4 6. Bg5 c5 7. Bxc4 cxd4 8.
Nxd4 Bxc3+ 9. bxc3 Qa5 10. Bb5+ Nbd7 11. Bxf6 Qxc3+ 12. Kf1 gxf6 13. h4 a6 14.
Rh3 Qa5 15. Ba4 Ke7 16. Re3 Rd8 17. Bxd7 Rxd7 18. Rd3 Rd8 19. Rb1 e5 20. Nf5+
Bxf5 21. Rxb7+ Kf8 22. exf5 Rxd3 23. Qxd3 Rd8 24. Qb3 Qd5 25. Qxd5 Rxd5 26. Rb6
Ra5 27. Rxf6 Rxa2 28. Rb6 Ke7 29. Rh6 a5 30. Rxh7 Kf6 31. g4 e4 32. g5+ Kxf5
33. Rxf7+ Kg6 34. Rf4 Ra4 35. Rf6+ Kh5 36. Rh6+ Kg4 37. Kg2 Rb4 38. g6 Rb8 39.
Rh7 Rg8 40. h5 a4 41. g7 a3 42. h6 a2 43. Rh8 a1=Q 44. Rxg8 Kh4 45. Rf8 1-0

[Event "XI Torneo Leonardo di Bona Magistrale"]
[Site "Cutro ITA"]
[Date "2005.04.29"]
[Round "7"]
[White "Cetkovic, Sergio"]
[Black "Panarello, Giuseppe"]
[Result "1/2-1/2"]
[WhiteElo "2121"]
[BlackElo "2006"]
[PlyCount "164"]
[EventDate "2005.04.23"]

1. e4 c5 2. Nf3 d6 3. c3 Nf6 4. h3 Nbd7 5. Bd3 b6 6. O-O Qc7 7. Re1 a6 8. Bc2
c4 9. d4 e5 10. Ng5 h6 11. Nf3 b5 12. Nbd2 Be7 13. Nf1 O-O 14. Ng3 Re8 15. Nf5
Bf8 16. Nh2 Bb7 17. d5 Bc8 18. g4 g5 19. h4 Nh7 20. hxg5 hxg5 21. Nf1 Ndf6 22.
N1g3 Rb8 23. a3 Bxf5 24. Nxf5 a5 25. Bd2 Nd7 26. Kg2 Nc5 27. Rh1 f6 28. Rh3 Rb7
29. Qe2 Rd8 30. Rah1 Rd7 31. Qf3 Na6 32. Ng3 Rf7 33. Nf5 Qd7 34. Bd1 Nc5 35.
Bc2 Na6 36. Qg3 b4 37. axb4 axb4 38. Qh2 Qe8 39. Bd1 bxc3 40. Bxc3 Nc5 41. Bc2
Na4 42. Bxa4 Qxa4 43. Rf3 Qc2 44. Re3 Qa4 45. Qh5 Qd7 46. Qg6+ Kh8 47. Reh3 Qe8
48. Ra1 Ra7 49. Rah1 Rab7 50. Ne3 Rg7 51. Qf5 Qd7 52. Qxf6 Kg8 53. Qf3 Rc7 54.
Nf5 Rf7 55. Qe3 Rb7 56. Ra1 Bg7 57. Ra8+ Rf8 58. Ra6 Rf6 59. Rh1 Rg6 60. Rha1
Bf8 61. Ra7 Nf6 62. f3 Ne8 63. Rxb7 Qxb7 64. Qa7 Qb3 65. Qa4 Qb8 66. Qxc4 Ng7
67. Ng3 Rh6 68. Rh1 Rxh1 69. Nxh1 Qb6 70. Nf2 Be7 71. Bxe5 dxe5 72. d6+ Kf8 73.
dxe7+ Kxe7 74. Qc3 Ne6 75. Qxe5 Kf7 76. Nd3 Qe3 77. Qf5+ Ke7 78. e5 Qe2+ 79.
Kg3 Qe3 80. Qf6+ Kd7 81. Nf2 Nf4 82. Qf7+ Kd8 1/2-1/2

[Event "XI Torneo Leonardo di Bona Magistrale"]
[Site "Cutro ITA"]
[Date "2005.04.29"]
[Round "7"]
[White "De Rosa, Mariagrazia"]
[Black "Zaja, Ivan"]
[Result "0-1"]
[WhiteElo "2081"]
[BlackElo "2489"]
[PlyCount "40"]
[EventDate "2005.04.23"]

1. e4 e6 2. d4 d5 3. e5 c5 4. c3 Nc6 5. Nf3 Bd7 6. dxc5 Bxc5 7. b4 Bb6 8. b5
Na5 9. Bd3 Qc7 10. a4 f6 11. Bf4 Ne7 12. Qc2 Nc4 13. exf6 Qxf4 14. fxe7 Ne5 15.
Nxe5 Qxe5+ 16. Be2 Kxe7 17. O-O Rhf8 18. Bd3 Rxf2 19. Rxf2 Qe3 20. Bf1 Rf8 0-1

[Event "XI Torneo Leonardo di Bona Magistrale"]
[Site "Cutro ITA"]
[Date "2005.04.29"]
[Round "7"]
[White "Ivanov, Mikhail M."]
[Black "Drasko, Milan"]
[Result "1/2-1/2"]
[WhiteElo "2418"]
[BlackElo "2510"]
[PlyCount "23"]
[EventDate "2005.04.23"]

1. d4 e6 2. c4 Nf6 3. Nc3 Bb4 4. Qc2 O-O 5. Bg5 c5 6. dxc5 h6 7. Bxf6 Qxf6 8.
Rc1 Na6 9. e3 Bxc3+ 10. Qxc3 Qxc3+ 11. Rxc3 Nxc5 12. Be2 1/2-1/2

[Event "XI Torneo Leonardo di Bona Magistrale"]
[Site "Cutro ITA"]
[Date "2005.04.29"]
[Round "7"]
[White "Kasparov, Sergey"]
[Black "Miladinovic, Igor"]
[Result "1/2-1/2"]
[WhiteElo "2461"]
[BlackElo "2604"]
[PlyCount "59"]
[EventDate "2005.04.23"]

1. Nf3 d5 2. c4 d4 3. d3 g6 4. g3 Bg7 5. Bg2 a5 6. O-O Nc6 7. Na3 Nf6 8. Nc2
O-O 9. b3 Nd7 10. Rb1 Nc5 11. Ba3 Na6 12. Bb2 e5 13. a3 Re8 14. Ba1 Nc5 15. b4
axb4 16. axb4 Na4 17. Nd2 Ra7 18. Nb3 Bg4 19. Re1 Qd7 20. Qd2 h5 21. b5 Nd8 22.
e3 Bh6 23. Qb4 Bf8 24. Qd2 Bh6 25. f4 Ne6 26. fxe5 Nc3 27. Bxc3 dxc3 28. Qxc3
Ra2 29. Nc1 Raa8 30. Rf1 1/2-1/2

[Event "XI Torneo Leonardo di Bona Magistrale"]
[Site "Cutro ITA"]
[Date "2005.04.29"]
[Round "7"]
[White "Kasparova, Tatiana"]
[Black "Roeder, Matthias"]
[Result "1/2-1/2"]
[WhiteElo "2240"]
[BlackElo "2404"]
[PlyCount "87"]
[EventDate "2005.04.23"]

1. e4 c5 2. Nf3 d6 3. d4 cxd4 4. Nxd4 Nf6 5. f3 e5 6. Nb3 Be6 7. c4 Nbd7 8. Be3
Rc8 9. Na3 a6 10. Rc1 Be7 11. Be2 O-O 12. O-O Ne8 13. Qd2 g6 14. Rfd1 f5 15.
exf5 gxf5 16. f4 Nef6 17. Qe1 Ne4 18. Bf3 Qe8 19. Nd2 Qg6 20. Qe2 Ndf6 21. Nf1
Kh8 22. Nb1 Rg8 23. b3 Rg7 24. c5 dxc5 25. fxe5 Ng4 26. Bxg4 Qxg4 27. Qxg4 Rxg4
28. h3 Rg6 29. Bf4 Bg5 30. Bxg5 Rxg5 31. Rc2 Rcg8 32. Rd3 f4 33. Re2 c4 34. Rf3
cxb3 35. axb3 Nc5 36. Nbd2 Bd5 37. Rxf4 Bxg2 38. Kh2 Bd5 39. Nf3 Nd3 40. Rf6
Nxe5 41. Nxg5 Rxg5 42. Nd2 Kg7 43. Rf1 Ng6 44. Rff2 1/2-1/2

[Event "XI Torneo Leonardo di Bona Magistrale"]
[Site "Cutro ITA"]
[Date "2005.04.29"]
[Round "7"]
[White "Lacrosse, Marc"]
[Black "Scerbo, Antonio"]
[Result "0-1"]
[WhiteElo "2289"]
[BlackElo "2097"]
[PlyCount "112"]
[EventDate "2005.04.23"]

1. d4 Nf6 2. c4 g6 3. Nc3 Bg7 4. e4 d6 5. Nf3 O-O 6. Be2 e5 7. Be3 Ng4 8. Bg5
f6 9. Bc1 Nc6 10. d5 Ne7 11. h3 Nh6 12. g4 Nf7 13. Rg1 Kh8 14. h4 f5 15. gxf5
gxf5 16. Ng5 Nxg5 17. hxg5 fxe4 18. Nxe4 Bf5 19. Bd3 c6 20. Nc3 e4 21. Bxe4 Qb6
22. Bf3 Rae8 23. Ne2 Ng6 24. dxc6 bxc6 25. Be3 Qxb2 26. Rc1 Ne5 27. Rg3 Nd3+
28. Kf1 Nxc1 29. Bxc1 Qxa2 30. Bh5 Re6 31. Rf3 Qxc4 32. Rf4 Bh3+ 33. Kg1 Rxf4
34. Nxf4 Qb4 35. Be3 Rxe3 36. fxe3 Bf5 37. g6 Qb1 38. gxh7 Qxd1+ 39. Bxd1 Kxh7
40. Bf3 d5 41. Bd1 Be5 42. Ng2 Kg7 43. Kf2 Kf6 44. Ba4 c5 45. Ke2 Ke6 46. Ne1
Kd6 47. Nd3 Bf6 48. Kd2 c4 49. Ne1 Kc5 50. Nc2 a5 51. Be8 Bb2 52. Ba4 Bc8 53.
Ne1 Kb4 54. Bc6 Kc5 55. Ba4 Ba6 56. Nc2 Bb5 0-1

[Event "XI Torneo Leonardo di Bona Magistrale"]
[Site "Cutro ITA"]
[Date "2005.04.29"]
[Round "7"]
[White "Marholev, Dimitar"]
[Black "Rinaldi, Francesco Saverio"]
[Result "1-0"]
[WhiteElo "2395"]
[BlackElo "2140"]
[PlyCount "35"]
[EventDate "2005.04.23"]

1. e4 c5 2. Nc3 g6 3. d4 cxd4 4. Qxd4 Nf6 5. Nf3 Nc6 6. Qa4 d6 7. e5 dxe5 8.
Nxe5 Bd7 9. Nxd7 Nxd7 10. Be3 Nb6 11. Qb3 Bg7 12. Rd1 Qc8 13. Nb5 Na5 14. Qc4
Nc6 15. Qb3 Na5 16. Nxa7 Nxb3 17. Nxc8 Rxc8 18. Bxb6 1-0

[Event "XI Torneo Leonardo di Bona Magistrale"]
[Site "Cutro ITA"]
[Date "2005.04.29"]
[Round "7"]
[White "Napoli, Nicolo'"]
[Black "Lazic, Miroljub"]
[Result "0-1"]
[WhiteElo "2205"]
[BlackElo "2500"]
[PlyCount "68"]
[EventDate "2005.04.23"]

1. e4 d6 2. d4 Nf6 3. Nc3 c6 4. f4 Qa5 5. Bd3 d5 6. e5 Ne4 7. Qf3 g6 8. Bxe4
dxe4 9. Qxe4 Na6 10. Qe2 Nb4 11. Be3 Bf5 12. Kf2 Nxc2 13. g4 Nxe3 14. Kxe3 Be6
15. Ne4 h5 16. gxh5 Rxh5 17. Nf3 Bd5 18. Ng3 Rh8 19. a3 Qb6 20. b4 a5 21. Qd2
e6 22. Ne4 Bxe4 23. Kxe4 Qb5 24. Qd3 Qd5+ 25. Ke3 Rh3 26. Ke2 Bh6 27. Qe3 Qc4+
28. Kf2 Qc2+ 29. Qe2 Qf5 30. b5 Bxf4 31. bxc6 bxc6 32. Rab1 g5 33. Rb3 g4 34.
Qc4 Qe4 0-1

[Event "XI Torneo Leonardo di Bona Magistrale"]
[Site "Cutro ITA"]
[Date "2005.04.29"]
[Round "7"]
[White "Ninov, Nikolai Ivanov"]
[Black "Starostits, Ilmars"]
[Result "1-0"]
[WhiteElo "2486"]
[BlackElo "2450"]
[PlyCount "58"]
[EventDate "2005.04.23"]

1. e4 c5 2. Nf3 d6 3. d4 cxd4 4. Nxd4 Nf6 5. Nc3 g6 6. Be3 Bg7 7. f3 Nc6 8. Qd2
Bd7 9. O-O-O h5 10. Kb1 Rc8 11. Nxc6 bxc6 12. Bxa7 Ra8 13. Bd4 Be6 14. b3 O-O
15. Ne2 Qb8 16. Bb2 Qa7 17. Nc1 Rfd8 18. Bd3 d5 19. exd5 Rxd5 20. Rhe1 c5 21.
Rxe6 fxe6 22. Qe3 Rd6 23. c4 Rad8 24. Qg5 e5 25. Qxg6 e4 26. fxe4 e5 27. Bxe5
Re6 28. Bb2 Qf7 29. Qg5 Nxe4 1-0

[Event "XI Torneo Leonardo di Bona Magistrale"]
[Site "Cutro ITA"]
[Date "2005.04.29"]
[Round "7"]
[White "Rizzo, Giovanbattista"]
[Black "Van Hoolandt, Patrick"]
[Result "0-1"]
[WhiteElo "2088"]
[BlackElo "2181"]
[PlyCount "28"]
[EventDate "2005.04.23"]

1. d4 Nf6 2. c4 e6 3. Nc3 Bb4 4. e3 c5 5. Bd3 Nc6 6. a3 Bxc3+ 7. bxc3 d6 8. Ne2
e5 9. O-O O-O 10. d5 e4 11. dxc6 exd3 12. cxb7 dxe2 13. bxa8=Q exd1=Q 14. Rxd1
Qb6 0-1

[Event "XI Torneo Leonardo di Bona Magistrale"]
[Site "Cutro ITA"]
[Date "2005.04.29"]
[Round "7"]
[White "Santurbano, Maria Vincenza"]
[Black "Hocevar, Nikola"]
[Result "1/2-1/2"]
[WhiteElo "2043"]
[BlackElo "2092"]
[PlyCount "28"]
[EventDate "2005.04.23"]

1. e4 c5 2. Nf3 Nc6 3. d4 cxd4 4. Nxd4 g6 5. Nc3 Bg7 6. Nb3 Nf6 7. Be2 O-O 8.
O-O d6 9. Be3 Ne5 10. Qd2 Be6 11. Bh6 Nc4 12. Bxc4 Bxc4 13. Bxg7 Kxg7 14. Rfe1
Bxb3 1/2-1/2

[Event "XI Torneo Leonardo di Bona Magistrale"]
[Site "Cutro ITA"]
[Date "2005.04.29"]
[Round "7"]
[White "Voiska, Margarita"]
[Black "Mrdja, Milan"]
[Result "0-1"]
[WhiteElo "2340"]
[BlackElo "2373"]
[PlyCount "44"]
[EventDate "2005.04.23"]

1. d4 Nf6 2. c4 g6 3. Nc3 Bg7 4. e4 d6 5. Bd3 O-O 6. Nge2 c6 7. d5 cxd5 8. cxd5
Nbd7 9. O-O Ne5 10. Bc2 Bd7 11. b3 Rc8 12. Be3 a6 13. a4 Nfg4 14. Bd4 Nxh2 15.
Kxh2 Ng4+ 16. Kg1 e5 17. dxe6 Qh4 18. Re1 Qh2+ 19. Kf1 fxe6 20. f3 e5 21. Ba7
Rxf3+ 22. gxf3 Ne3+ 0-1

[Event "XI Torneo Leonardo di Bona Magistrale"]
[Site "Cutro ITA"]
[Date "2005.04.30"]
[Round "8"]
[White "Abatino, Maurizio"]
[Black "De Rosa, Mariagrazia"]
[Result "1-0"]
[WhiteElo "2214"]
[BlackElo "2081"]
[PlyCount "73"]
[EventDate "2005.04.23"]

1. d4 g6 2. c4 Bg7 3. Nc3 c5 4. e3 Nf6 5. Nf3 b6 6. Be2 O-O 7. O-O Bb7 8. d5 d6
9. h3 Nfd7 10. Qc2 Ne5 11. Nd2 e6 12. f4 Ned7 13. e4 Na6 14. Nf3 exd5 15. cxd5
Nc7 16. Bd3 a6 17. a4 Rb8 18. Re1 Re8 19. Qf2 Ba8 20. Qf1 Qc8 21. Ra3 Nf6 22.
Bd2 b5 23. axb5 axb5 24. Bxb5 Nxb5 25. Nxb5 Qd7 26. Nc3 Rxb2 27. Qd3 Reb8 28.
Bc1 R2b3 29. Rxb3 Rxb3 30. Qc2 Qa7 31. Qxb3 c4+ 32. Be3 Qxe3+ 33. Rxe3 cxb3 34.
Nb1 b2 35. Ra3 Bb7 36. Ra7 Bc8 37. Ra8 1-0

[Event "XI Torneo Leonardo di Bona Magistrale"]
[Site "Cutro ITA"]
[Date "2005.04.30"]
[Round "8"]
[White "Blagojevic, Dragisa"]
[Black "Kasparov, Sergey"]
[Result "1/2-1/2"]
[WhiteElo "2549"]
[BlackElo "2461"]
[PlyCount "22"]
[EventDate "2005.04.23"]

1. d4 Nf6 2. c4 d6 3. Nf3 Nbd7 4. Nc3 e5 5. e4 Be7 6. Be2 O-O 7. O-O c6 8. Be3
Re8 9. d5 c5 10. Ne1 a6 11. Nb1 Nb8 1/2-1/2

[Event "XI Torneo Leonardo di Bona Magistrale"]
[Site "Cutro ITA"]
[Date "2005.04.30"]
[Round "8"]
[White "Blasco, Domenico"]
[Black "Santurbano, Maria Vincenza"]
[Result "1/2-1/2"]
[WhiteElo "2004"]
[BlackElo "2043"]
[PlyCount "154"]
[EventDate "2005.04.23"]

1. d4 Nf6 2. Nf3 d6 3. Bf4 g6 4. e3 Bg7 5. Be2 c5 6. c3 O-O 7. h3 a6 8. O-O
Nbd7 9. Nbd2 b5 10. a4 cxd4 11. exd4 b4 12. c4 a5 13. Rc1 Bb7 14. Re1 Rc8 15.
b3 Re8 16. Bd3 Nh5 17. Bg5 h6 18. g4 Nhf6 19. Bf4 Nh7 20. Be4 Qb6 21. Bxb7 Qxb7
22. Ne4 d5 23. Ned2 dxc4 24. Nxc4 Qa7 25. Nfe5 Ndf6 26. Be3 Nd5 27. Qd2 Nxe3
28. fxe3 Ng5 29. Qg2 Red8 30. h4 Nh7 31. Nc6 Rxc6 32. Qxc6 Nf6 33. g5 hxg5 34.
hxg5 Nd5 35. Qc5 Qb8 36. Ne5 Bxe5 37. dxe5 Qxe5 38. Qc2 Nxe3 39. Qc7 Qxg5+ 40.
Kf2 Ng4+ 41. Kg1 Ne3+ 42. Kf2 Rd2+ 43. Kf3 Nd5 44. Qb8+ Kg7 45. Qe5+ Qxe5 46.
Rxe5 e6 47. Rc5 Rd3+ 48. Kf2 Kf6 49. Re1 Rxb3 50. Rxa5 Ra3 51. Ke2 g5 52. Ra7
b3 53. Kd3 Ra2 54. Rb1 Ra3 55. Rf1+ Nf4+ 56. Kc3 Kg6 57. Kb2 Ra2+ 58. Kxb3 Rd2
59. a5 f5 60. a6 Rd3+ 61. Kc2 Ra3 62. Ra8 Nd5 63. Kb2 Ra5 64. Ra1 Rb5+ 65. Kc1
f4 66. a7 Nc7 67. Rc8 Rb7 68. Kd1 Rxa7 69. Rxa7 Nd5 70. Ra6 Kf5 71. Re8 Nc7 72.
Rf8+ Ke4 73. Rc6 Nd5 74. Rxe6+ Kf3 75. Rf5 Ne3+ 76. Ke1 Nxf5 77. Ra6 Ne3
1/2-1/2

[Event "XI Torneo Leonardo di Bona Magistrale"]
[Site "Cutro ITA"]
[Date "2005.04.30"]
[Round "8"]
[White "Brancaleoni, Maurizio"]
[Black "Van Hoolandt, Patrick"]
[Result "1-0"]
[WhiteElo "2296"]
[BlackElo "2181"]
[PlyCount "151"]
[EventDate "2005.04.23"]

1. Nc3 e5 2. Nf3 Nc6 3. d4 exd4 4. Nxd4 Bc5 5. Nf5 Qf6 6. Ne3 Nge7 7. Ne4 Qd4
8. Nxc5 Qxc5 9. g3 d5 10. c3 Be6 11. Nc2 Nf5 12. Bg2 h5 13. h3 O-O-O 14. e3 Kb8
15. O-O Ne5 16. Nd4 Bc8 17. Qc2 g6 18. a4 Rhe8 19. a5 a6 20. b3 Nc6 21. Nxc6+
Qxc6 22. c4 Ne7 23. Ba3 Bf5 24. Qe2 Qd7 25. Bxe7 Rxe7 26. Rfd1 d4 27. Qf3 Qc8
28. Kh2 d3 29. Rd2 c6 30. Re1 Rde8 31. Red1 Rh8 32. Qf4+ Qc7 33. Kg1 Rd8 34.
Re1 Rde8 35. Bf1 Qxf4 36. gxf4 Rd8 37. f3 Red7 38. h4 Kc7 39. Red1 Be6 40. Kf2
Rd6 41. e4 b5 42. axb6+ Kxb6 43. Ra1 Kc5 44. Ke3 Rb8 45. Ra5+ Kb4 46. Rxa6 Kc3
47. c5 Rd7 48. Rxc6 Rxb3 49. Rd6 Kc4 50. R6xd3 Rdxd3+ 51. Rxd3 Kxc5 52. f5 gxf5
53. exf5 Bc4 54. Rxb3 Bxb3 55. f6 Kd6 56. Kf4 Ke6 57. Kg5 Kd7 58. Kxh5 Ke8 59.
Bd3 Kf8 60. Bh7 Bd1 61. Kg4 Bb3 62. Kf4 Bd5 63. Ke3 Ba2 64. Kd4 Bb3 65. Ke5 Ba2
66. Kd6 Bb3 67. Ke5 Bd1 68. f4 Bb3 69. Kd6 Bc4 70. h5 Be2 71. h6 Bc4 72. Be4
Kg8 73. Bd5 Bd3 74. Ke7 Kh7 75. Bxf7 Kxh6 76. Be8 1-0

[Event "XI Torneo Leonardo di Bona Magistrale"]
[Site "Cutro ITA"]
[Date "2005.04.30"]
[Round "8"]
[White "Drasko, Milan"]
[Black "Bukal, Vladimir jr"]
[Result "1-0"]
[WhiteElo "2510"]
[BlackElo "2405"]
[PlyCount "113"]
[EventDate "2005.04.23"]

1. d4 d5 2. c4 e5 3. dxe5 d4 4. Nf3 Nc6 5. g3 Nge7 6. Bg2 Ng6 7. O-O Ngxe5 8.
Nbd2 Nxf3+ 9. Nxf3 Bc5 10. Qd3 h6 11. Qe4+ Qe7 12. Qxe7+ Bxe7 13. Bf4 g5 14.
Bxc7 Be6 15. Ne5 Rc8 16. Nxc6 Rxc7 17. Nxd4 Bf6 18. Nxe6 fxe6 19. Rab1 Rxc4 20.
Rfc1 Rxc1+ 21. Rxc1 Kd7 22. Bxb7 Bxb2 23. Rc2 Be5 24. Bc6+ Ke7 25. Ba4 Rd8 26.
e3 Rb8 27. Rc5 Bd6 28. Ra5 Rb7 29. Bb3 Bb8 30. Kg2 Rb4 31. h3 Kf6 32. Kf3 Rb6
33. Kg4 Kg6 34. Rc5 Rb4+ 35. Kf3 Kf6 36. Ra5 Rb6 37. Kg4 Kg6 38. Ra4 h5+ 39.
Kf3 Kf6 40. Ke4 Rb5 41. Ra6 Rb6 42. Ra5 Rb4+ 43. Kd3 h4 44. gxh4 gxh4 45. Ra6
Rb6 46. Ra4 Rd6+ 47. Ke2 e5 48. Rxh4 Bc7 49. Rh7 Bb6 50. h4 Rd8 51. Rf7+ Kg6
52. h5+ Kg5 53. Re7 Kf6 54. Rf7+ Kg5 55. Rg7+ Kf5 56. Bc2+ Kf6 57. Rg6+ 1-0

[Event "XI Torneo Leonardo di Bona Magistrale"]
[Site "Cutro ITA"]
[Date "2005.04.30"]
[Round "8"]
[White "Georgiev, Krum I."]
[Black "Ivanov, Mikhail M."]
[Result "0-1"]
[WhiteElo "2457"]
[BlackElo "2418"]
[PlyCount "138"]
[EventDate "2005.04.23"]

1. e4 c5 2. Nf3 e6 3. b3 b6 4. c4 Bb7 5. Nc3 a6 6. Bb2 Qc7 7. g3 Nf6 8. d3 Nc6
9. Bg2 Nd4 10. O-O Nxf3+ 11. Bxf3 Bd6 12. Re1 Be5 13. Nd5 Nxd5 14. Bxe5 Qxe5
15. exd5 Qf6 16. d4 cxd4 17. Re4 e5 18. Bg2 O-O 19. f4 d6 20. Qe2 Rae8 21. Re1
g6 22. Bf3 Bc8 23. Kf2 Bf5 24. fxe5 dxe5 25. Rxe5 Bd3 26. Rxe8 Bxe2 27. R8xe2
Rc8 28. Rc1 d3 29. Rd2 Qd4+ 30. Kg2 b5 31. Rcd1 bxc4 32. bxc4 Rxc4 33. Rxd3
Rc2+ 34. Kh3 Qb2 35. Rh1 Qb5 36. Rhd1 Qd7+ 37. g4 Qd6 38. R1d2 Rc4 39. Kg2 a5
40. h3 a4 41. Rd4 Rxd4 42. Rxd4 a3 43. Rd3 Kf8 44. Bd1 Ke7 45. Bb3 Qe5 46. Rf3
Qe2+ 47. Kg3 f6 48. Rf2 Qe5+ 49. Kg2 h5 50. gxh5 Qg5+ 51. Kh2 Qxh5 52. Kg2 Qg5+
53. Kh2 Qe5+ 54. Kg2 f5 55. Rf3 Qe2+ 56. Rf2 Qe5 57. Rf3 Kf6 58. Kf2 Qd4+ 59.
Kg2 f4 60. Rf2 Kg5 61. Rf3 Kh4 62. Kf1 g5 63. Ke2 Qb2+ 64. Ke1 Qa1+ 65. Kd2
Qd4+ 66. Ke2 Qg1 67. Bd1 Qg2+ 68. Ke1 Qxa2 69. Rd3 Qc4 0-1

[Event "XI Torneo Leonardo di Bona Magistrale"]
[Site "Cutro ITA"]
[Date "2005.04.30"]
[Round "8"]
[White "Hocevar, Nikola"]
[Black "Cordi', Domenico"]
[Result "0-1"]
[WhiteElo "2092"]
[BlackElo "2084"]
[PlyCount "100"]
[EventDate "2005.04.23"]

1. c4 c5 2. Nf3 Nf6 3. d4 e6 4. Nc3 cxd4 5. Nxd4 a6 6. a3 d5 7. cxd5 Nxd5 8.
Bd2 Bc5 9. Nb3 Ba7 10. g3 Qb6 11. e3 Nxc3 12. Bxc3 Qc6 13. Rg1 O-O 14. Bg2 Qb6
15. Bd4 Qb5 16. Bf1 Qf5 17. Bd3 Qh3 18. Qe2 Nc6 19. Bc3 e5 20. O-O-O Bg4 21. f3
Be6 22. Nd2 Rac8 23. Kb1 Rfd8 24. g4 f6 25. Ne4 Qh4 26. Rg3 Rd7 27. Rdg1 Rcd8
28. Bc2 b5 29. Re1 Qh6 30. g5 fxg5 31. Nxg5 Bc4 32. Qg2 Bd3 33. Qh3 Bxc2+ 34.
Kxc2 Qxh3 35. Rxh3 h6 36. Ne4 a5 37. Rg3 Kh7 38. Re2 b4 39. axb4 axb4 40. Bd2
Rc8 41. Kd1 Ne7 42. f4 Nf5 43. Rf3 exf4 44. exf4 Rcd8 45. Rh3 b3 46. Ke1 Nd4
47. Ba5 Nxe2 48. Bxd8 Nxf4 49. Rf3 Nd3+ 50. Ke2 Nc1+ 0-1